Among Us Quiz - Statistics

General Stats
  • This quiz has been taken 1,085 times
    386 since last reset
  • The average score is 9 of 11
Answer Stats
Question Answer % Correct
Who created Among Us? Innersloth
100%
What means 'Imposter'? Murderer.
100%
Can you host a game? Yes
100%
What does 'suspicious' mean in Among Us? sus
94%
Back to The Skeld, How many rooms are there? (Including Cafeteria) 14
91%
What CANNOT do on admin? Fuel Engine.
88%
How many maps are there? 4
82%
What year does Among Us created? 2018
76%
Is Among Us a guessing game? Yes
62%
What is the lowest room on The Skeld? Communications
50%
Which of the following was NOT correct? The crew are able to die.
6%
No matching quizzes found
Score Distribution
Percent of People with Each Score
Percentile by Number Answered
Your Score History
You have not taken this quiz since the last reset